| 000 | 01220nam a2200217 i 4500 | ||
|---|---|---|---|
| 001 | 186968 | ||
| 003 | SpMaBN | ||
| 005 | 20230906222802.0 | ||
| 008 | 170310s1972 sp a e |||| |dspa d | ||
| 020 | _a84-01-60518-0 | ||
| 080 | _a(031) | ||
| 245 | 0 | 0 |
_aBiblioteca de los conocimientos / _cdirector editorial, Sir Julian Huxley ; edición española, director, Guillermo B. Floria ; traductor, Ferrer Aleu. |
| 260 |
_aEsplugas de Llobregat (Barcelona) : _bPlaza & Janés, _c[1972] |
||
| 300 |
_a8 v. : _bil col. y n., fot., retr. ; _c27 cm. |
||
| 505 | 8 |
_aContiene: 1 ; _tEn busca de la verdad. Lenguaje y comunicación - 2 ; _tEl espíritu creador. Las artes vivas - 3 ; _tEl hombre y la sociedad. El progreso humano - 4 ; _tLa vida y sus orígenes. El reino de la naturaleza 5 ; _tLos mundos del universo. El planeta en que vivimos - 6 ; _tEl mundo de la química. El mundo de la física - 7 ; _tLas riquezas de la tierra. Países y pueblos - 8 ; _tAntiguas civilizaciones. La era de los descubrimientos |
|
| 650 |
_aEnciclopedias. _912235 |
||
| 700 | 1 |
_aHuxley, Julian. _964859 |
|
| 700 | 1 |
_aFloría, Guillermo B. _9162050 |
|
| 700 | 1 |
_aFerrer Aleu, J. _950442 |
|
| 852 |
_aES-MaACL _jL-31224-31 _z- enc. guaflex |
||
| 999 |
_c186968 _d186968 |
||